Electrochemical engineering principles / (Record no. 68996)

000 -LEADER
fixed length control field 01025fam a2200301 a 4500
001 - CONTROL NUMBER
control field 1175447
003 - CONTROL NUMBER IDENTIFIER
control field NUST - PNEC
005 - DATE AND TIME OF LATEST TRANSACTION
control field 20170116181108.0
008 - FIXED-LENGTH DATA ELEMENTS--GENERAL INFORMATION
fixed length control field 900402s1991 njua b 001 0 eng
010 ## - LIBRARY OF CONGRESS CONTROL NUMBER
LC control number 90035448
020 ## - INTERNATIONAL STANDARD BOOK NUMBER
International Standard Book Number 0132490382
035 ## - SYSTEM CONTROL NUMBER
System control number (OCoLC)21407339
035 ## - SYSTEM CONTROL NUMBER
System control number (OCoLC)ocm21407339
035 ## - SYSTEM CONTROL NUMBER
System control number (NNC)1175447
040 ## - CATALOGING SOURCE
Original cataloging agency DLC
Transcribing agency LIBRARY
Modifying agency DLC
050 00 - LIBRARY OF CONGRESS CALL NUMBER
Classification number TP255
Item number .P74 1991
082 00 - DEWEY DECIMAL CLASSIFICATION NUMBER
Classification number 660.297 PRE
Edition number 20
100 1# - MAIN ENTRY--PERSONAL NAME
Personal name Prentice, Geoffrey.
245 10 - TITLE STATEMENT
Title Electrochemical engineering principles /
Statement of responsibility, etc. Geoffrey Prentice.
260 ## - PUBLICATION, DISTRIBUTION, ETC.
Place of publication, distribution, etc. Englewood Cliffs, N.J. :
Name of publisher, distributor, etc. Prentice Hall,
Date of publication, distribution, etc. c1991.
300 ## - PHYSICAL DESCRIPTION
Extent xxii, 296 p. :
Other physical details ill. ;
Dimensions 24 cm.
490 1# - SERIES STATEMENT
Series statement Prentice-Hall international series in the physical and chemical engineering sciences
504 ## - BIBLIOGRAPHY, ETC. NOTE
Bibliography, etc. note Includes bibliographical references (p. 267) and index.
650 ## - SUBJECT ADDED ENTRY--TOPICAL TERM
9 (RLIN) 12723
Topical term following geographic name entry element Electrical engineering
General subdivision EE
830 #0 - SERIES ADDED ENTRY--UNIFORM TITLE
Uniform title Prentice-Hall international series in the physical and chemical engineering sciences.
942 ## - ADDED ENTRY ELEMENTS (KOHA)
Source of classification or shelving scheme
Koha item type Book
Holdings
Withdrawn status Lost status Source of classification or shelving scheme Damaged status Not for loan Permanent Location Current Location Shelving location Date acquired Total Checkouts Full call number Barcode Date last seen Price effective from Koha item type
          Pakistan Navy Engineering College (PNEC) Pakistan Navy Engineering College (PNEC)       660.297 PRE PNECLIB-021813 10/03/2015   Book
© 2023 Central Library, National University of Sciences and Technology. All Rights Reserved.